书目信息 |
| 题名: |
给水排水管道工程施工及验收规范实施手册
|
|
| 作者: | 颜安平 , 孙文友 , 钟永兵 主编 | |
| 分册: | ||
| 出版信息: | 杭州 浙江大学出版社 2010.07 |
|
| 页数: | 131页 | |
| 开本: | 26cm | |
| 丛书名: | ||
| 单 册: | ||
| 中图分类: | TU991-65 | |
| 科图分类: | ||
| 主题词: | 绘排水系统--hui pai shui xi tong--管道工程--工程施工--中国--规范 , 绘排水系统--hui pai shui xi tong--管道工程--工程验收--中国--规范 | |
| 电子资源: | ||
| ISBN: | 978-7-308-07749-1 | |
| 000 | 01219nam0 2200289 450 | |
| 001 | 012010331870 | |
| 005 | 20101117113002.62 | |
| 010 | @a978-7-308-07749-1@dCNY35.00 | |
| 100 | @a20101117d2010 em y0chiy0120 ea | |
| 101 | 0 | @achi |
| 102 | @aCN@b330000 | |
| 105 | @aak a 000yy | |
| 106 | @ar | |
| 200 | 1 | @a给水排水管道工程施工及验收规范实施手册@Agei shui pai shui guan dao gong cheng shi gong ji yan shou gui fan shi shi shou ce@f颜安平 ... [等] 主编@Fzhu bian yan an ping...[deng] |
| 210 | @a杭州@c浙江大学出版社@d2010.07 | |
| 215 | @a131页@c图@d26cm | |
| 304 | @a题名页题 : 主编颜安平, 孙文友, 钟永兵, 陶勤俭 | |
| 320 | @a有书目 (第131页) | |
| 330 | @a本书是最新《给水排水管道工程施工及验收规范》使用指导书。具有指导性和可操作性,从表格填写,检查控制质量指标,结合国家建设工程的归档要求,按照先后顺序和重要程度编排。 | |
| 606 | 0 | @a绘排水系统@Ahui pai shui xi tong@x管道工程@x工程施工@y中国@j规范 |
| 606 | 0 | @a绘排水系统@Ahui pai shui xi tong@x管道工程@x工程验收@y中国@j规范 |
| 690 | @aTU991-65@v4 | |
| 701 | 0 | @a颜安平@Ayan an ping@4主编 |
| 701 | 0 | @a孙文友@Asun wen you@4主编 |
| 701 | 0 | @a钟永兵@Azhong yong bing@4主编 |
| 801 | 0 | @aCN@bQSSK@c20101117 |
| 905 | @b788521-23@dTU991-65@eY104@f3 | |
| 给水排水管道工程施工及验收规范实施手册/颜安平 ... [等] 主编.-杭州:浙江大学出版社,2010.07 |
| 131页:图;26cm |
| ISBN 978-7-308-07749-1:CNY35.00 |
| 本书是最新《给水排水管道工程施工及验收规范》使用指导书。具有指导性和可操作性,从表格填写,检查控制质量指标,结合国家建设工程的归档要求,按照先后顺序和重要程度编排。 |
| ● |
| 相关链接 |
|
|
|
正题名:给水排水管道工程施工及验收规范实施手册
索取号:TU991-65/Y104
 
预约/预借
| 序号 | 登录号 | 条形码 | 馆藏地/架位号 | 状态 | 备注 |
| 1 | 788521 | 207885216 | 建筑库201/201建筑库 128排2列1层/ [索取号:TU991-65/Y104] | 在馆 | |
| 2 | 788522 | 207885225 | 建筑库201/201建筑库 128排2列1层/ [索取号:TU991-65/Y104] | 在馆 | |
| 3 | 788523 | 207885234 | 建筑库201/201建筑库 128排2列1层/ [索取号:TU991-65/Y104] | 在馆 |